<?xml version='1.0' encoding='UTF-8'?>
  <record xmlns="http://www.loc.gov/MARC21/slim">
    <leader>00000cam a2200000 i 4500</leader>
    <controlfield tag="001">ocm32809473</controlfield>
    <controlfield tag="003">OCoLC</controlfield>
    <controlfield tag="005">20251008143631.8</controlfield>
    <controlfield tag="008">950713s1525    sz            000 0 lat d</controlfield>
    <datafield tag="040" ind1=" " ind2=" ">
      <subfield code="a">EMT</subfield>
      <subfield code="b">eng</subfield>
      <subfield code="e">rda</subfield>
      <subfield code="e">dcrmr</subfield>
      <subfield code="c">EMT</subfield>
      <subfield code="d">OCL</subfield>
      <subfield code="d">OCLCG</subfield>
      <subfield code="d">OCLCQ</subfield>
      <subfield code="d">OCLCO</subfield>
      <subfield code="d">OCLCQ</subfield>
      <subfield code="d">OCLCA</subfield>
      <subfield code="d">OCLCF</subfield>
      <subfield code="d">OCLCA</subfield>
      <subfield code="d">OCL</subfield>
      <subfield code="d">OCLCO</subfield>
      <subfield code="d">QGJ</subfield>
      <subfield code="d">OCLCO</subfield>
      <subfield code="d">OCLCL</subfield>
      <subfield code="d">OCLCQ</subfield>
      <subfield code="d">OCLCA</subfield>
    </datafield>
    <datafield tag="035" ind1=" " ind2=" ">
      <subfield code="a">(OCoLC)32809473</subfield>
    </datafield>
    <datafield tag="100" ind1="1" ind2=" ">
      <subfield code="a">Luther, Martin,</subfield>
      <subfield code="d">1483-1546,</subfield>
      <subfield code="e">author.</subfield>
      <subfield code="4">aut</subfield>
      <subfield code="1">https://id.oclc.org/worldcat/entity/E39PBJcC3jTktTmxwtTMgxrQbd</subfield>
    </datafield>
    <datafield tag="240" ind1="1" ind2="0">
      <subfield code="a">Von Menschenlehre zu meiden und Antwort auf Sprüche, so man führet, Menschenlehre zu stärken.</subfield>
      <subfield code="l">Latin</subfield>
      <subfield code="s">(Müller)</subfield>
    </datafield>
    <datafield tag="245" ind1="1" ind2="0">
      <subfield code="a">De humanis traditionibus vitandis. :</subfield>
      <subfield code="b">item De iniquo mammōne, Lucae XVI, contiones /</subfield>
      <subfield code="c">Martino Luthero authore ; Ioan. Rhellicanus Tigurinus. Vertimus haec olim quum nos cantata fouebat Vuittenberga, bonis instituens studijs.</subfield>
    </datafield>
    <datafield tag="246" ind1="3" ind2="7">
      <subfield code="a">Traditiones humanas vitandas Mart. Luth</subfield>
    </datafield>
    <datafield tag="246" ind1="3" ind2=" ">
      <subfield code="a">De hvmanis traditionibvs uitandis</subfield>
    </datafield>
    <datafield tag="264" ind1=" " ind2="1">
      <subfield code="a">Basileae :</subfield>
      <subfield code="b">Excudebat Thomas Volffius,</subfield>
      <subfield code="c">post Chritum natum M. D. XXV. [1525]</subfield>
    </datafield>
    <datafield tag="300" ind1=" " ind2=" ">
      <subfield code="a">26 [that is 52], [1] pages ;</subfield>
      <subfield code="c">17 cm (8vo)</subfield>
    </datafield>
    <datafield tag="336" ind1=" " ind2=" ">
      <subfield code="a">text</subfield>
      <subfield code="b">txt</subfield>
      <subfield code="2">rdacontent</subfield>
    </datafield>
    <datafield tag="337" ind1=" " ind2=" ">
      <subfield code="a">unmediated</subfield>
      <subfield code="b">n</subfield>
      <subfield code="2">rdamedia</subfield>
    </datafield>
    <datafield tag="338" ind1=" " ind2=" ">
      <subfield code="a">volume</subfield>
      <subfield code="b">nc</subfield>
      <subfield code="2">rdacarrier</subfield>
    </datafield>
    <datafield tag="340" ind1=" " ind2=" ">
      <subfield code="m">8vo</subfield>
      <subfield code="2">rdabf</subfield>
    </datafield>
    <datafield tag="500" ind1=" " ind2=" ">
      <subfield code="a">ō in Mammōne on title page in Greek script.</subfield>
    </datafield>
    <datafield tag="500" ind1=" " ind2=" ">
      <subfield code="a">Running title: De iniquo mammone Mart. Luth.</subfield>
    </datafield>
    <datafield tag="500" ind1=" " ind2=" ">
      <subfield code="a">Running title: Traditiones humanas vitandas Mart. Luth.</subfield>
    </datafield>
    <datafield tag="500" ind1=" " ind2=" ">
      <subfield code="a">Imprint from colophon.</subfield>
    </datafield>
    <datafield tag="500" ind1=" " ind2=" ">
      <subfield code="a">Colophon: Basileae post Chri[s]tum natum M.D. XXV. Excudebat Thomas Volffius--page 26 [that is 52].</subfield>
    </datafield>
    <datafield tag="500" ind1=" " ind2=" ">
      <subfield code="a">Printer's mark on last page, with printer's slogan: Digito compesce labellum. Dixisse, aliquando poenituit, tacuisse nunquam. Multa quidem audienda, pauca vero dicenda.</subfield>
    </datafield>
    <datafield tag="500" ind1=" " ind2=" ">
      <subfield code="a">Title in decorated woodcut border; initials.</subfield>
    </datafield>
    <datafield tag="500" ind1=" " ind2=" ">
      <subfield code="a">Signatures: A-B⁸ C¹⁰.</subfield>
    </datafield>
    <datafield tag="500" ind1=" " ind2=" ">
      <subfield code="a">Contains also a letter by Johannes Rhellicanus [=Johannes Müller) to Conradus Fabritius.</subfield>
    </datafield>
    <datafield tag="510" ind1="4" ind2=" ">
      <subfield code="a">Verzeichnis der im deutschen Sprachbereich erschienenen Drucke des 16. Jahrhunderts (VD 16),</subfield>
      <subfield code="c">L 7297</subfield>
    </datafield>
    <datafield tag="510" ind1="4" ind2=" ">
      <subfield code="3">De iniquo mammōne, Lucae XVI. contiones:</subfield>
      <subfield code="a">Verzeichnis der im deutschen Sprachbereich erschienenen Drucke des 16. Jahrhunderts (VD 16),</subfield>
      <subfield code="c">L 6077</subfield>
    </datafield>
    <datafield tag="510" ind1="4" ind2=" ">
      <subfield code="a">Benzing, J. Lutherbibliographie,</subfield>
      <subfield code="c">1194</subfield>
    </datafield>
    <datafield tag="610" ind1="2" ind2="0">
      <subfield code="a">Catholic Church</subfield>
      <subfield code="x">Customs and practices</subfield>
      <subfield code="v">Controversial literature.</subfield>
    </datafield>
    <datafield tag="600" ind1="1" ind2="0">
      <subfield code="a">Melanchthon, Philip,</subfield>
      <subfield code="d">1497-1560.</subfield>
    </datafield>
    <datafield tag="600" ind1="0" ind2="0">
      <subfield code="a">Jesus Christ</subfield>
      <subfield code="x">Parables</subfield>
      <subfield code="v">Early works to 1800.</subfield>
    </datafield>
    <datafield tag="650" ind1=" " ind2="0">
      <subfield code="a">Unjust steward (Parable)</subfield>
      <subfield code="v">Early works to 1800.</subfield>
    </datafield>
    <datafield tag="650" ind1=" " ind2="0">
      <subfield code="a">Tradition (Theology)</subfield>
      <subfield code="v">Early works to 1800.</subfield>
    </datafield>
    <datafield tag="650" ind1=" " ind2="0">
      <subfield code="a">Authority</subfield>
      <subfield code="x">Religious aspects</subfield>
      <subfield code="v">Early works to 1800.</subfield>
    </datafield>
    <datafield tag="650" ind1=" " ind2="0">
      <subfield code="a">Bible and tradition</subfield>
      <subfield code="v">Early works to 1800.</subfield>
    </datafield>
    <datafield tag="610" ind1="2" ind2="6">
      <subfield code="a">Église catholique</subfield>
      <subfield code="x">Coutumes et pratiques</subfield>
      <subfield code="v">Ouvrages de controverse.</subfield>
    </datafield>
    <datafield tag="650" ind1=" " ind2="6">
      <subfield code="a">Intendant malhonnête (Parabole)</subfield>
      <subfield code="v">Ouvrages avant 1800.</subfield>
    </datafield>
    <datafield tag="650" ind1=" " ind2="6">
      <subfield code="a">Tradition (Théologie)</subfield>
      <subfield code="v">Ouvrages avant 1800.</subfield>
    </datafield>
    <datafield tag="650" ind1=" " ind2="6">
      <subfield code="a">Autorité</subfield>
      <subfield code="x">Aspect religieux</subfield>
      <subfield code="v">Ouvrages avant 1800.</subfield>
    </datafield>
    <datafield tag="650" ind1=" " ind2="6">
      <subfield code="a">Bible et tradition</subfield>
      <subfield code="v">Ouvrages avant 1800.</subfield>
    </datafield>
    <datafield tag="600" ind1="0" ind2="6">
      <subfield code="a">Jésus-Christ</subfield>
      <subfield code="x">Paraboles</subfield>
      <subfield code="v">Ouvrages avant 1800.</subfield>
    </datafield>
    <datafield tag="600" ind1="0" ind2="7">
      <subfield code="a">Jesus Christ</subfield>
      <subfield code="2">fast</subfield>
      <subfield code="1">https://id.oclc.org/worldcat/entity/E39PBJcWtWBVPTkM6wHtfK3mh3</subfield>
    </datafield>
    <datafield tag="600" ind1="1" ind2="7">
      <subfield code="a">Melanchthon, Philip,</subfield>
      <subfield code="d">1497-1560</subfield>
      <subfield code="2">fast</subfield>
      <subfield code="1">https://id.oclc.org/worldcat/entity/E39PBJqQtH68krrpJcG6Tt8cT3</subfield>
    </datafield>
    <datafield tag="610" ind1="2" ind2="7">
      <subfield code="a">Catholic Church</subfield>
      <subfield code="2">fast</subfield>
    </datafield>
    <datafield tag="650" ind1=" " ind2="7">
      <subfield code="a">Authority</subfield>
      <subfield code="x">Religious aspects</subfield>
      <subfield code="2">fast</subfield>
    </datafield>
    <datafield tag="650" ind1=" " ind2="7">
      <subfield code="a">Bible and tradition</subfield>
      <subfield code="2">fast</subfield>
    </datafield>
    <datafield tag="650" ind1=" " ind2="7">
      <subfield code="a">Parables, Biblical</subfield>
      <subfield code="2">fast</subfield>
    </datafield>
    <datafield tag="650" ind1=" " ind2="7">
      <subfield code="a">Tradition (Theology)</subfield>
      <subfield code="2">fast</subfield>
    </datafield>
    <datafield tag="650" ind1=" " ind2="7">
      <subfield code="a">Unjust steward (Parable)</subfield>
      <subfield code="2">fast</subfield>
    </datafield>
    <datafield tag="655" ind1=" " ind2="7">
      <subfield code="a">Controversial literature</subfield>
      <subfield code="2">fast</subfield>
    </datafield>
    <datafield tag="655" ind1=" " ind2="7">
      <subfield code="a">Early works</subfield>
      <subfield code="2">fast</subfield>
    </datafield>
    <datafield tag="700" ind1="1" ind2=" ">
      <subfield code="a">Müller, Johannes,</subfield>
      <subfield code="d">-1542,</subfield>
      <subfield code="e">translator.</subfield>
      <subfield code="4">trl</subfield>
      <subfield code="1">https://id.oclc.org/worldcat/entity/E39PCjFyVPHqyDc8FJYYjVPmMK</subfield>
    </datafield>
    <datafield tag="700" ind1="1" ind2=" ">
      <subfield code="a">Wolff, Thomas,</subfield>
      <subfield code="d">active 1519-1535,</subfield>
      <subfield code="e">printer.</subfield>
      <subfield code="4">prt</subfield>
      <subfield code="1">https://id.oclc.org/worldcat/entity/E39PBJgd6GBpR9Dm8MM6kqDQbd</subfield>
    </datafield>
    <datafield tag="700" ind1="1" ind2="2">
      <subfield code="i">Container of (expression):</subfield>
      <subfield code="a">Luther, Martin,</subfield>
      <subfield code="d">1483-1546.</subfield>
      <subfield code="t">Sermon von dem unrechten Mammon.</subfield>
      <subfield code="l">Latin</subfield>
      <subfield code="s">(Müller)</subfield>
    </datafield>
    <datafield tag="700" ind1="1" ind2=" ">
      <subfield code="a">Rhellicanus, Jacobus,</subfield>
      <subfield code="d">dedicatee.</subfield>
      <subfield code="4">dte</subfield>
    </datafield>
    <datafield tag="740" ind1="0" ind2=" ">
      <subfield code="a">De iniquo mammōne, Lucae XVI. contiones</subfield>
    </datafield>
    <datafield tag="740" ind1="0" ind2=" ">
      <subfield code="a">De iniqvo mammōne, Lvcae XVI. contiones</subfield>
    </datafield>
    <datafield tag="740" ind1="0" ind2=" ">
      <subfield code="a">De iniquo mammōne Mart. Luth</subfield>
    </datafield>
    <datafield tag="740" ind1="0" ind2=" ">
      <subfield code="a">De iniqvo mammōne Mart. Lvth</subfield>
    </datafield>
    <datafield tag="752" ind1=" " ind2=" ">
      <subfield code="a">Switzerland</subfield>
      <subfield code="d">Basel,</subfield>
      <subfield code="e">publication place.</subfield>
      <subfield code="4">pup</subfield>
    </datafield>
  </record>